K problému ochrany značky a duševného vlastníctva

Problematika ochrannných známok a ich využívanie. Vznik ochrany duševného vlastníctva. Typy ochrany. Ochranná známka. Medzinárodná ochranná známka. Výhody ochrany.

Gespeichert in:
Bibliographische Detailangaben
1. Verfasser: Smolková, Eva
Format: Buchkapitel
Sprache:Slowakisch
Schlagworte:
Tags: Tag hinzufügen
Keine Tags, Fügen Sie das erste Tag hinzu!

MARC

LEADER 00000naa a2200000 4500
001 0195177
005 20220722103741.0
041 0 |a slo 
044 |a SK 
245 1 0 |a K problému ochrany značky a duševného vlastníctva  |c Eva Smolková 
520 |a Problematika ochrannných známok a ich využívanie. Vznik ochrany duševného vlastníctva. Typy ochrany. Ochranná známka. Medzinárodná ochranná známka. Výhody ochrany. 
610 2 0 |a známky ochranné 
610 2 0 |a vlastníctvo duševné 
610 2 0 |a história 
610 2 0 |a patenty 
610 2 0 |a diela autorské 
100 1 |a Smolková, Eva